|
|
|
|
| LEADER |
00689nam a22001931a 4500 |
| 020 |
|
|
|a 9788192457604
|c 0.00
|
| 040 |
|
|
|a SSUS - Library - Kalady
|
| 082 |
|
|
|a 954.83
|b VAR/P
|
| 100 |
|
|
|a Varghese Perayil (ed.)
|
| 245 |
|
|
|a Portuguese heritage in kerala: some dimensions
|h [Text]
|
| 260 |
|
|
|a Adoor
|b Department of History, St.Cyril's College
|c 2013
|
| 300 |
|
|
|a 200p.
|
| 600 |
|
|
|a History
|
| 600 |
|
|
|a History Kerala
|
| 600 |
|
|
|a Portuguese Kerala
|
| 852 |
|
|
|h 954.83
|i VAR/P
|p 072320
|9 150.00
|t 0
|
| 942 |
|
|
|c BK
|
| 999 |
|
|
|c 35112
|d 35112
|
| 952 |
|
|
|0 0
|1 0
|4 0
|6 954_830000000000000_VAR_P
|7 0
|9 50826
|a SSUS
|b SSUS
|d 2015-01-08
|g 150.00
|l 15
|m 4
|o 954.83 VAR/P
|p 072320
|r 2020-11-23
|s 2020-09-09
|v 0.00
|w 2015-01-08
|y BK
|